[Event "ProMoPro Open"]
[Site "Praha"]
[Date "2002.09.09"]
[Round "3.18"]
[White "Voglova, Eva"]
[Black "Serdamba, Cege"]
[Result "0-1"]
[WhiteElo "1690"]
[BlackElo "1989"]
[PlyCount "86"]
[EventDate "2002.09.07"]

1. d4 d5 2. c4 e6 3. Nc3 Nf6 4. Bg5 Be7 5. Nf3 O-O 6. e3 h6 7. Bh4 b6 8. Bd3
Bb7 9. Bxf6 Bxf6 10. cxd5 exd5 11. b4 c5 12. bxc5 bxc5 13. Rb1 Qe7 14. Qb3 cxd4
15. Nxd5 Bxd5 16. Qxd5 Nd7 17. Nxd4 Nb6 18. Qe4 Qxe4 19. Bxe4 Rae8 20. Bc6 Bxd4
21. Bxe8 Rxe8 22. O-O Be5 23. Rfe1 Rc8 24. Rbc1 Rxc1 25. Rxc1 Kf8 26. f4 Bd6
27. Kf2 f5 28. Kf3 Ke7 29. g4 g6 30. e4 fxe4+ 31. Kxe4 Nd7 32. Rc8 Nf6+ 33. Kf3
Kf7 34. Ra8 Bc5 35. Rb8 Ng8 36. h4 Ne7 37. a4 a5 38. Rb5 Bb4 39. h5 gxh5 40.
Rxh5 Kg6 41. Rb5 Nc8 42. Ke3 Nd6 43. Rb6 43... Bc5+ {bila vzdala} 0-1

[Event "ProMoPro Open"]
[Site "Praha"]
[Date "2002.09.09"]
[Round "3.23"]
[White "Tolar, Vladislav"]
[Black "Kaiser, Rudolf"]
[Result "0-1"]
[WhiteElo "1694"]
[BlackElo "2054"]
[PlyCount "88"]
[EventDate "2002.09.07"]

1. d4 Nf6 2. c4 e5 3. d5 Bc5 4. Bg5 Ne4 5. Be3 Bxe3 6. fxe3 Qh4+ 7. g3 Nxg3 8.
Nf3 Qh6 9. Rg1 Nxf1 10. Rxf1 Qxe3 11. Qd2 Qxd2+ 12. Nbxd2 d6 13. O-O-O a5 14.
c5 Na6 15. cxd6 cxd6 16. Nc4 Ke7 17. Ng5 f6 18. Ne4 Rd8 19. Nb6 Rb8 20. Kb1 Bh3
21. Rf2 Nc5 22. Nxc5 dxc5 23. e4 Rd6 24. Rd3 Rxb6 25. Rxh3 h6 26. Rg2 Kf7 27.
Rhg3 g5 28. h4 Rb4 29. hxg5 hxg5 30. Rg4 Rh8 31. Rf2 Kg6 32. Rd2 a4 33. Kc2
Rc4+ 34. Kd3 b5 35. Re2 Rh3+ 36. Kd2 Rd4+ 37. Kc2 b4 38. Rg1 c4 39. Rd1 Rhd3
40. Red2 b3+ 41. axb3 cxb3+ 42. Kc1 Rc4+ 43. Kb1 Rxd2 44. Rxd2 44... Rxe4 {
bily vzdal} 0-1

[Event "ProMoPro Open"]
[Site "Praha"]
[Date "2002.09.09"]
[Round "3.2"]
[White "Stehno, Pavel"]
[Black "Taborsky, Rostislav"]
[Result "1-0"]
[WhiteElo "2253"]
[BlackElo "2236"]
[PlyCount "72"]
[EventDate "2002.09.07"]

1. e4 e6 2. d4 d5 3. e5 c5 4. c3 Nc6 5. Nf3 Bd7 6. a3 f6 7. Bd3 Qc7 8. Bf4 c4
9. Bc2 O-O-O 10. h4 Qb6 11. Qc1 fxe5 12. Bxe5 h6 13. Nbd2 Nf6 14. b3 cxb3 15.
Bxb3 Nxe5 16. Nxe5 Be8 17. Rb1 Qa5 18. O-O Kb8 19. a4 Bd6 20. Ndf3 Bh5 21. Qb2
Qc7 22. c4 Bxf3 23. Nxf3 g5 24. c5 Bf4 25. g3 g4 26. Nh2 Bg5 27. Kg2 Nh5 28.
hxg5 hxg5 29. Nxg4 Rdg8 30. Qe2 Nf4+ 31. gxf4 gxf4 32. f3 { } 32... Rxg4+ 33.
fxg4 f3+ 34. Rxf3 Qh2+ 35. Kf1 Qh1+ 36. Kf2 36... Rh2+ {cerny prekrocil cas}
1-0

[Event "ProMoPro Open"]
[Site "Praha"]
[Date "2002.09.09"]
[Round "3.17"]
[White "Vasek, Daniel"]
[Black "Rous, Frantisek"]
[Result "1/2-1/2"]
[WhiteElo "1762"]
[BlackElo "2083"]
[PlyCount "105"]
[EventDate "2002.09.07"]

1. e4 e5 2. Nf3 Nc6 3. d4 exd4 4. Nxd4 Nf6 5. Nc3 Bb4 6. Nxc6 bxc6 7. Bd3 d5 8.
exd5 cxd5 9. O-O O-O 10. Bg5 c6 11. Ne2 Bg4 12. c3 Bd6 13. Qc2 h6 14. Be3 Qc7
15. Ng3 Rfe8 16. Rae1 a5 17. f4 Bd7 18. h3 Rxe3 19. Rxe3 Bxf4 20. Rxf4 Qxf4 21.
Rf3 Qe5 22. Qf2 Re8 23. Ne2 Re7 24. Qg3 Ne4 25. Qxe5 Rxe5 26. Bxe4 Rxe4 27. Kf2
Re5 28. Nd4 a4 29. b4 axb3 30. Nxb3 Bf5 31. Nd4 Be4 32. Nxc6 Re6 33. Nd4 Ra6
34. Re3 Rxa2+ 35. Re2 Rxe2+ 36. Nxe2 f5 37. h4 g5 38. hxg5 hxg5 39. g3 Kf7 40.
Nd4 Kf6 41. Ke3 Ke5 42. Nc6+ Kd6 43. Nd4 Bb1 44. Nf3 g4 45. Nd2 Bc2 46. Kd4 Ke6
47. c4 dxc4 48. Nxc4 Kf6 49. Ke3 Kg5 50. Ne5 Bb3 51. Nd3 Bd5 52. Nf4 Bc4 53.
Ng2 {remis} 1/2-1/2

[Event "ProMoPro Open"]
[Site "Praha"]
[Date "2002.09.09"]
[Round "3.24"]
[White "Nepustil, Frantisek"]
[Black "Janota, Jiri"]
[Result "1-0"]
[WhiteElo "1957"]
[BlackElo "1574"]
[PlyCount "51"]
[EventDate "2002.09.07"]

1. g3 Nf6 2. Bg2 c5 3. e3 Nc6 4. Ne2 e6 5. d4 d5 6. b3 Be7 7. Bb2 O-O 8. O-O a6
9. c4 Ne4 10. Nbc3 f5 11. cxd5 exd5 12. dxc5 Bxc5 13. Qxd5+ Qxd5 14. Nxd5 Ne7
15. Nec3 Nxc3 16. Nxc3 h6 17. h4 Kh7 18. Rfd1 Nc6 19. Na4 Ba7 20. Rac1 Rd8 21.
Rxd8 Nxd8 22. Rc7 Ne6 23. Re7 Kg6 24. Bd5 Nd8 25. Rxg7+ Kh5 26. Bf3# {mat} 1-0

[Event "ProMoPro Open"]
[Site "Praha"]
[Date "2002.09.09"]
[Round "3.3"]
[White "Hausner, Ivan"]
[Black "Masek, Miroslav"]
[Result "1-0"]
[WhiteElo "2412"]
[BlackElo "2204"]
[PlyCount "65"]
[EventDate "2002.09.07"]

1. e4 e6 2. d4 d5 3. Nd2 c5 4. Ngf3 Nf6 5. e5 Nfd7 6. c3 Nc6 7. Bd3 Qb6 8. O-O
cxd4 9. cxd4 Nxd4 10. Nxd4 Qxd4 11. Nf3 Qb6 12. Qa4 Qb4 13. Qc2 h6 14. Bd2 Qb6
15. Rac1 Be7 16. Qa4 O-O 17. Qg4 f5 18. Qg6 Rf7 19. Bxh6 Nf8 20. Qg3 Qxb2 21.
Rc7 Qa3 22. Bb5 22... Qa5 { } 23. Be8 Qxc7 24. Bxf7+ Kxf7 25. Qxg7+ Ke8 26. Ng5
Kd8 27. Nf7+ Ke8 28. Ng5 Kd8 29. Qg8 Qc5 30. Nh7 Bd7 31. Nxf8 Kc7 32. Nxe6+
Bxe6 33. Qxe6 {cerny vzdal} 1-0

[Event "ProMoPro Open"]
[Site "Praha"]
[Date "2002.09.09"]
[Round "3.13"]
[White "Novak, Jindrich"]
[Black "Chalupa, Ivan"]
[Result "1/2-1/2"]
[WhiteElo "1920"]
[BlackElo "2128"]
[PlyCount "59"]
[EventDate "2002.09.07"]

1. c4 e6 2. g3 Nf6 3. Bg2 d5 4. Nf3 Be7 5. O-O O-O 6. b3 b6 7. Bb2 Bb7 8. cxd5
exd5 9. d4 c5 10. Nbd2 Nc6 11. Rc1 Rc8 12. Bh3 Rc7 13. dxc5 bxc5 14. Re1 d4 15.
Nc4 Bc8 16. Bxc8 Rxc8 17. e3 dxe3 18. Rxe3 Qxd1+ 19. Rxd1 Rfd8 20. Rde1 Nd5 21.
R3e2 Bf6 22. Nfe5 Nxe5 23. Bxe5 Bxe5 24. Rxe5 Kf8 25. Rd1 Nb4 26. Rxd8+ Rxd8
27. Rxc5 Nxa2 28. Ra5 Nc1 29. Rxa7 Nxb3 30. Rb7 {remis} 1/2-1/2

[Event "ProMoPro Open"]
[Site "Praha"]
[Date "2002.09.09"]
[Round "3.12"]
[White "Kovar, Josef"]
[Black "Cvicela, Anton"]
[Result "0-1"]
[WhiteElo "1944"]
[BlackElo "2140"]
[PlyCount "62"]
[EventDate "2002.09.07"]

1. e4 c5 2. Nf3 Nf6 3. Nc3 Nc6 4. d4 d5 5. exd5 Nxd5 6. Nxd5 Qxd5 7. Be3 cxd4
8. Nxd4 Qa5+ 9. c3 Nxd4 10. Qxd4 e5 11. Qd2 Bd7 12. Bc4 Bc6 13. O-O-O Be7 14.
Kb1 O-O 15. Qe2 Rfd8 16. Qg4 Qc7 17. f4 Be4+ 18. Ka1 Qxc4 19. fxe5 Rxd1+ 20.
Rxd1 Rd8 21. Bd4 Bd5 22. b3 Qa6 23. e6 f6 24. Kb1 Bxe6 25. Qf4 Qe2 26. Rd2 Qe1+
27. Kb2 Bf5 28. c4 Bb4 29. Rc2 Bxc2 30. Kxc2 Qe2+ 31. Kc1 31... Ba3+ {
bily vzdal} 0-1

[Event "ProMoPro Open"]
[Site "Praha"]
[Date "2002.09.09"]
[Round "3.21"]
[White "Trnka, Jaroslav"]
[Black "Hoskovec, Josef"]
[Result "0-1"]
[WhiteElo "1784"]
[BlackElo "1865"]
[PlyCount "50"]
[EventDate "2002.09.07"]

1. d4 e5 2. dxe5 Nc6 3. Nf3 Nge7 4. Bg5 h6 5. Bh4 g5 6. Bg3 Bg7 7. Nc3 g4 8.
Nd4 Nxe5 9. e4 d6 10. Be2 h5 11. Bh4 N5g6 12. Bg5 f6 13. Be3 a6 14. Bc4 Nf8 15.
f4 c5 16. Nb3 b5 17. Be2 Bb7 18. h3 b4 19. Nd5 f5 20. hxg4 Nxd5 21. exd5 hxg4
22. Kf2 Bxb2 23. Rb1 { } 23... Qe7 24. Rxb2 g3+ 25. Kg1 25... Qxe3+ {bily vzdal
} 0-1

[Event "ProMoPro Open"]
[Site "Praha"]
[Date "2002.09.09"]
[Round "3.1"]
[White "Londyn, Radek"]
[Black "Stross, Frantisek"]
[Result "0-1"]
[WhiteElo "2176"]
[BlackElo "2266"]
[PlyCount "78"]
[EventDate "2002.09.07"]

1. e4 c5 2. Nf3 e6 3. d4 cxd4 4. Nxd4 Nf6 5. Nc3 Nc6 6. Be3 Bb4 7. f3 d5 8.
Nxc6 bxc6 9. e5 Nd7 10. a3 Bxc3+ 11. bxc3 Nxe5 12. Bd4 f6 13. f4 Nf7 14. Bd3
Qe7 15. O-O O-O 16. Qh5 Nh6 17. Rae1 c5 18. Bf2 c4 19. Be2 Qxa3 20. Bf3 Qd6 21.
g4 Bd7 22. Bd4 a5 23. Re2 a4 24. Rg2 a3 25. g5 Be8 26. Qh3 fxg5 27. Rxg5 Nf5
28. Be5 Qd7 29. Bg4 Bg6 30. Qf3 a2 31. Ra1 Qb5 32. Qd1 Rf7 33. Bxf5 Bxf5 34.
Kf2 Qb2 35. Rg1 Qxc2+ 36. Qxc2 Bxc2 37. Ke3 Rb7 38. Rg2 Rb1 39. Rxg7+ 39... Kf8
{bily vzdal} 0-1

[Event "ProMoPro Open"]
[Site "Praha"]
[Date "2002.09.??"]
[Round "3.15"]
[White "Koukolik, Alexander"]
[Black "Klimes, Petr"]
[Result "1-0"]
[WhiteElo "2103"]
[BlackElo "1767"]
[PlyCount "57"]
[EventDate "2002.09.07"]

1. d4 Nf6 2. c4 e6 3. Nc3 Bb4 4. e3 b6 5. Nf3 Bb7 6. Bd3 O-O 7. O-O Bxc3 8.
bxc3 c5 9. Qe2 Nc6 10. e4 Ne8 11. e5 f6 12. Qc2 g6 13. h4 cxd4 14. cxd4 Nb4 15.
Qc3 Nxd3 16. Qxd3 Bxf3 17. Qxf3 fxe5 18. Qe4 Nd6 19. Qxe5 Nxc4 20. Qe2 b5 21.
Bg5 Qe8 22. Qd3 Qf7 23. Bh6 Qf5 24. Qb3 Rfc8 25. Rad1 a6 26. Rd3 Qd5 27. Rfd1
Nb6 28. Qb4 Rc4 29. Qe7 {cerny vzdal} 1-0

[Event "ProMoPro Open"]
[Site "Praha"]
[Date "2002.09.09"]
[Round "3.22"]
[White "Podbrdsky, Pavel"]
[Black "Cebis, Petr"]
[Result "1/2-1/2"]
[WhiteElo "2105"]
[BlackElo "1692"]
[PlyCount "93"]
[EventDate "2002.09.07"]

1. Nf3 f5 2. d4 Nf6 3. c4 e6 4. Nc3 Be7 5. e3 O-O 6. Bd3 b6 7. O-O Bb7 8. Qe2
Ne4 9. Nd2 Nxc3 10. bxc3 Nc6 11. Bb2 Qe8 12. f3 h5 13. e4 f4 14. e5 Nd8 15. Bc2
h4 16. Qd3 Rf5 17. Ne4 Qh5 18. Rae1 Nf7 19. h3 Ng5 20. Nxg5 Rxg5 21. Qd2 Bxf3
22. Rf2 Bb7 23. Bd1 Qh6 24. Bg4 Rxg4 25. hxg4 h3 26. Qxf4 Bg5 27. Qf7+ Kh7 28.
gxh3 Be3 29. Ree2 Qxh3 30. Qh5+ Qxh5 31. gxh5 Bxf2+ 32. Rxf2 Kh6 33. Rf7 Bc6
34. Ba3 Rg8 35. d5 exd5 36. cxd5 Bxd5 37. Rxd7 Bxa2 38. Rxc7 Re8 39. Rxa7 Kxh5
40. Bd6 Bc4 41. Rxg7 Rg8 42. Rxg8 Bxg8 43. Kf2 Kg6 44. Ke3 Kf5 45. Kd4 b5 46.
Kc5 Bc4 47. Bb8 {remis} 1/2-1/2

[Event "ProMoPro Open"]
[Site "Praha"]
[Date "2002.09.09"]
[Round "3.9"]
[White "Pinc, Miroslav"]
[Black "Zikmund, Daniel"]
[Result "1-0"]
[WhiteElo "2221"]
[BlackElo "2072"]
[PlyCount "79"]
[EventDate "2002.09.07"]

1. d4 d5 2. Nf3 e6 3. g3 c5 4. Bg2 Nc6 5. O-O Bd6 6. Nc3 Nf6 7. Bg5 h6 8. Bxf6
Qxf6 9. e4 cxd4 10. Nb5 e5 11. exd5 Ne7 12. Nd2 Bb8 13. d6 Nc6 14. f4 O-O 15.
Nc4 Qe6 16. b3 a6 17. f5 17... Qf6 { } 18. Nb6 axb5 19. d7 Ba7 20. dxc8=Q Rfxc8
21. Nxa8 Rxa8 22. Kh1 Bc5 23. Qd3 Ra5 24. a4 Nb4 25. Qe4 bxa4 26. Rxa4 Rxa4 27.
bxa4 Qa6 28. Qxe5 b6 29. f6 g6 30. c3 dxc3 31. Rd1 Nd3 32. Qe8+ Bf8 33. Qe2 Nb4
34. Qxa6 Nxa6 35. Be4 Nc5 36. Bc2 h5 37. Rb1 Bd6 38. Rxb6 Be5 39. a5 Nd7 40.
Rb5 {cerny vzdal} 1-0

[Event "ProMoPro Open"]
[Site "Praha"]
[Date "2002.09.09"]
[Round "3.4"]
[White "Herskovic, Radek"]
[Black "Pribyl, Josef"]
[Result "0-1"]
[WhiteElo "2147"]
[BlackElo "2409"]
[PlyCount "118"]
[EventDate "2002.09.07"]

1. e4 d6 2. d4 Nf6 3. Nc3 e5 4. dxe5 dxe5 5. Qxd8+ Kxd8 6. Nf3 Bd6 7. Bc4 Ke7
8. Bg5 c6 9. O-O-O Bc7 10. Rhe1 h6 11. Bh4 Nbd7 12. Nd2 b5 13. Bb3 g5 14. Bg3
Nc5 15. f3 Nh5 16. Nf1 Nxg3 17. Nxg3 a5 18. a3 Nxb3+ 19. cxb3 Be6 20. Rd3 Rad8
21. Red1 Rxd3 22. Rxd3 h5 23. Kc2 g4 24. Nd1 h4 25. Nf5+ Bxf5 26. exf5 g3 27.
h3 Bb6 28. Nc3 Bd4 29. Ne4 c5 30. f6+ Ke6 31. Rd2 Rc8 32. Re2 Rc6 33. Kd3 Kd5
34. Rd2 Ke6 35. Rc2 Kf5 36. Ke2 Ke6 37. Kd3 Kd5 38. Rd2 Rb6 39. Kc2 Ke6 40. Kd3
a4 41. bxa4 c4+ 42. Kc2 bxa4 43. Nc3 Bxc3 44. Kxc3 Kxf6 45. Kxc4 Ke6 46. Kc5
Rb3 47. Re2 f5 48. Kc4 f4 49. Rd2 Kf5 50. Re2 Re3 51. Rc2 e4 52. fxe4+ Kxe4 53.
Kb4 f3 54. Rc4+ Kd5 55. Rc5+ Kd4 56. Rc4+ Ke5 57. gxf3 Rxf3 58. Rc5+ Kf4 59.
Rh5 59... Ke3 {bily vzdal} 0-1

[Event "ProMoPro Open"]
[Site "Praha"]
[Date "2002.09.09"]
[Round "3.16"]
[White "Kosar, Milan"]
[Black "Urbanek, Stepan"]
[Result "0-1"]
[WhiteElo "1826"]
[BlackElo "2096"]
[PlyCount "114"]
[EventDate "2002.09.07"]

1. e4 e6 2. d4 d5 3. Nc3 Bb4 4. Bd2 dxe4 5. Qg4 g6 6. Nxe4 Bxd2+ 7. Nxd2 Bd7 8.
Ngf3 Nf6 9. Qh4 Nc6 10. c3 Qe7 11. Bd3 h6 12. Ne4 Nxe4 13. Qxe7+ Nxe7 14. Bxe4
Bc6 15. Bxc6+ Nxc6 16. O-O-O O-O-O 17. Ne5 Nxe5 18. dxe5 g5 19. g3 Rhf8 20. f4
f6 21. exf6 gxf4 22. gxf4 Rxf6 23. Rde1 Rg8 24. h3 Rg2 25. Re4 Rf2 26. Rg1
R2xf4 27. Rxf4 Rxf4 28. Rg6 Rh4 29. Rxe6 Rxh3 30. a3 a5 31. Kc2 Rh2+ 32. Kb3
Rh4 33. c4 Kd7 34. Rg6 b6 35. Rg7+ Kd6 36. Kc3 Rh3+ 37. Kd4 c5+ 38. Ke4 Rh4+
39. Kd3 Rd4+ 40. Kc3 h5 41. Rg6+ Kc7 42. Rh6 h4 43. b4 axb4+ 44. axb4 Rg4 45.
bxc5 bxc5 46. Rh5 Kd6 47. Rh6+ Ke5 48. Rh5+ Kf4 49. Rxc5 h3 50. Rh5 Kg3 51. Kb4
h2 52. Rxh2 52... Kxh2 { } 53. Kb5 Kg3 54. c5 Kf4 55. c6 Ke5 56. c7 Rg8 57. Kc6
Ke6 0-1

[Event "ProMoPro Open"]
[Site "Praha"]
[Date "2002.09.10"]
[Round "4.18"]
[White "Bilek, Bernhard"]
[Black "Pleskovskij, Andrej"]
[Result "1-0"]
[WhiteElo "1829"]
[BlackElo "2000"]
[PlyCount "25"]
[EventDate "2002.09.07"]

1. e4 Nf6 2. e5 Nd5 3. c4 Nb6 4. c5 Nd5 5. Nc3 e6 6. Nxd5 exd5 7. d4 b6 8. Qb3
Nc6 9. Nf3 bxc5 10. Qxd5 cxd4 11. Bc4 Qe7 12. O-O Bb7 13. Bg5 {cerny vzdal} 1-0

[Event "ProMoPro Open"]
[Site "Praha"]
[Date "2002.09.10"]
[Round "4.25"]
[White "Mikyska, Lukas"]
[Black "Tolar, Vladislav"]
[Result "1/2-1/2"]
[WhiteElo "1564"]
[BlackElo "1694"]
[PlyCount "40"]
[EventDate "2002.09.07"]

1. e4 d6 2. d4 Nf6 3. Nc3 g6 4. Nf3 Bg7 5. h3 O-O 6. Bd3 e5 7. dxe5 dxe5 8. O-O
Nbd7 9. Be3 c6 10. Qd2 Qc7 11. Rfe1 Re8 12. Rad1 Nb6 13. Bh6 Be6 14. Bxg7 Kxg7
15. Ng5 Bc4 16. Qe2 Bxd3 17. Rxd3 Rad8 18. Red1 Rxd3 19. Rxd3 Rd8 20. Qd1 20...
Rxd3 {remis} 1/2-1/2

[Event "ProMoPro Open"]
[Site "Praha"]
[Date "2002.09.10"]
[Round "4.23"]
[White "Kudrna , Jakub"]
[Black "Trnka, Jaroslav"]
[Result "1/2-1/2"]
[WhiteElo "1597"]
[BlackElo "1784"]
[PlyCount "35"]
[EventDate "2002.09.07"]

1. d4 Nf6 2. Nf3 g6 3. Bf4 Bg7 4. e3 d5 5. c4 O-O 6. Nc3 c5 7. dxc5 Qa5 8. Be5
Nc6 9. Bxf6 Bxf6 10. cxd5 Rd8 11. Qb3 Ne5 12. Nxe5 Bxe5 13. Bc4 Qxc5 14. O-O a6
15. Na4 Qd6 16. Nb6 Bxh2+ 17. Kh1 Rb8 18. e4 {remis} 1/2-1/2

[Event "ProMoPro Open"]
[Site "Praha"]
[Date "2002.09.10"]
[Round "4.16"]
[White "Zikmund, Daniel"]
[Black "Vasek, Daniel"]
[Result "1-0"]
[WhiteElo "2072"]
[BlackElo "1762"]
[PlyCount "49"]
[EventDate "2002.09.07"]

1. e4 e5 2. Nf3 Nc6 3. d4 exd4 4. Nxd4 Bc5 5. Be3 Qf6 6. c3 Nge7 7. Bc4 O-O 8.
O-O d6 9. f4 Qg6 10. f5 Qf6 11. Qd2 h6 12. Qf2 Ne5 13. Be2 d5 14. Nd2 c6 15. b4
Bd6 16. a4 Bd7 17. Rab1 a6 18. c4 dxc4 19. Nxc4 Nxc4 20. Bxc4 Rab8 21. Nf3 Be5
22. Nxe5 Qxe5 23. f6 Ng6 24. Bd4 Qxe4 25. fxg7 {cerny vzdal} 1-0

[Event "ProMoPro Open"]
[Site "Praha"]
[Date "2002.09.10"]
[Round "4.24"]
[White "Havlak, Lubomir"]
[Black "Podbrdsky, Pavel"]
[Result "0-1"]
[WhiteElo "1726"]
[BlackElo "2105"]
[PlyCount "52"]
[EventDate "2002.09.07"]

1. Nf3 d6 2. b3 e5 3. d3 f5 4. Nbd2 Nf6 5. e4 Be7 6. g3 O-O 7. Bh3 fxe4 8. Bxc8
Qxc8 9. dxe4 Qg4 10. Nh4 Qxd1+ 11. Kxd1 Ng4 12. Ke1 Bxh4 13. gxh4 Nc6 14. c3
Nxf2 15. Rf1 Nd3+ 16. Ke2 Nf4+ 17. Kd1 b5 18. Kc2 b4 19. Bb2 bxc3 20. Bxc3 Nd4+
21. Kb2 Nd3+ 22. Kb1 Rxf1+ 23. Nxf1 Rf8 24. Ng3 Rf2 25. Bxd4 exd4 26. a4 26...
Rb2# {mat} 0-1

[Event "ProMoPro Open"]
[Site "Praha"]
[Date "2002.09.10"]
[Round "4.22"]
[White "Cebis, Petr"]
[Black "Umanec, Filip"]
[Result "1-0"]
[WhiteElo "1692"]
[BlackElo "1855"]
[PlyCount "48"]
[EventDate "2002.09.07"]

1. e4 e5 2. Nf3 Nc6 3. d4 exd4 4. c3 d5 5. exd5 Qxd5 6. cxd4 Bg4 7. Be2 O-O-O
8. Be3 Bb4+ 9. Nc3 Nge7 10. O-O Bxc3 11. bxc3 Nf5 12. c4 Qd6 13. d5 Nxe3 14.
fxe3 Qc5 15. Kh1 Qxe3 16. Qa4 Nb8 17. Rae1 Bd7 18. Qa5 b6 19. Qxa7 f6 20. c5
Qxc5 21. Rc1 Qd6 22. Nd4 Be8 23. Bg4+ Rd7 24. Nb5 24... Qe5 {cerny vzdal} 1-0

[Event "ProMoPro Open"]
[Site "Praha"]
[Date "2002.09.10"]
[Round "4.17"]
[White "Kaiser, Rudolf"]
[Black "Voglova, Eva"]
[Result "1-0"]
[WhiteElo "2054"]
[BlackElo "1690"]
[PlyCount "41"]
[EventDate "2002.09.07"]

1. f4 d5 2. Nf3 c5 3. e3 Nc6 4. Bb5 e6 5. Bxc6+ bxc6 6. O-O Bd6 7. d3 Ne7 8.
Qe1 O-O 9. b3 f6 10. e4 Qc7 11. e5 fxe5 12. fxe5 Rxf3 13. Rxf3 Bxe5 14. c3
Bxh2+ 15. Kh1 Nf5 16. Rxf5 Bg3 17. Qe2 e5 18. Rf1 Qe7 19. Qh5 Be6 20. Qg5 Rf8
21. Rf3 {cerny vzdala} 1-0

[Event "ProMoPro Open"]
[Site "?"]
[Date "2002.09.10"]
[Round "4.8"]
[White "Masek, Miroslav"]
[Black "Borik, Juraj"]
[Result "1-0"]
[WhiteElo "2204"]
[BlackElo "2124"]
[PlyCount "69"]
[EventDate "2002.??.??"]

1. d4 Nf6 2. Nf3 e6 3. c4 c5 4. d5 exd5 5. cxd5 d6 6. Nc3 g6 7. h3 Bg7 8. e4
O-O 9. Bd3 a6 10. a4 Re8 11. O-O Nbd7 12. Bf4 Qb6 13. a5 Qc7 14. Re1 b5 15.
axb6 Qxb6 16. Na4 Qc7 17. Nd2 Nh5 18. Bh2 Ne5 19. Be2 Rb8 20. f4 Nd7 21. Bxh5
gxh5 22. Nc4 Rb4 23. Rc1 Bd4+ 24. Kh1 24... Nf6 { } 25. e5 dxe5 26. fxe5 Nxd5
27. e6 Qe7 28. Nxc5 Bxc5 29. exf7+ Qxf7 30. Rxe8+ Qxe8 31. Qxd5+ Be6 32. Qxc5
Rb5 33. Qe3 Qg6 34. Ne5 Qg7 35. Nf3 {cerny vzdal} 1-0

[Event "ProMoPro Open"]
[Site "Praha"]
[Date "2002.09.10"]
[Round "4.10"]
[White "Kubikova, Hana"]
[Black "Koukolik, Alexander"]
[Result "1/2-1/2"]
[WhiteElo "2154"]
[BlackElo "2103"]
[PlyCount "66"]
[EventDate "2002.09.07"]

1. d4 d5 2. Nf3 c6 3. c4 e6 4. Nc3 Nf6 5. cxd5 exd5 6. Bg5 Be7 7. e3 Nbd7 8.
Qc2 Nh5 9. Bxe7 Qxe7 10. Be2 g6 11. O-O Ndf6 12. Rac1 Bf5 13. Bd3 Ng7 14. a3 a5
15. Na4 Nd7 16. Rfe1 O-O 17. Bxf5 Nxf5 18. Nc5 Nd6 19. Nxd7 Qxd7 20. Ne5 Qe7
21. Qc5 Rfe8 22. h3 f6 23. Nd3 Nc4 24. Qxe7 Rxe7 25. a4 Nb6 26. Nc5 Rb8 27. Rc3
Nd7 28. Rec1 Nxc5 29. Rxc5 Ra8 30. Rb1 Kf7 31. Kf1 Ke6 32. Ke2 Kd6 33. Rbc1
33... Ra7 {remis} 1/2-1/2

[Event "ProMoPro Open"]
[Site "?"]
[Date "2002.09.10"]
[Round "4.1"]
[White "Stross, Frantisek"]
[Black "Stehno, Pavel"]
[Result "1/2-1/2"]
[WhiteElo "2266"]
[BlackElo "2253"]
[PlyCount "77"]
[EventDate "2002.??.??"]

1. e4 g6 2. d4 Nf6 3. Nc3 d5 4. e5 Nh5 5. g4 Ng7 6. Bg2 c6 7. h3 Be6 8. Bh6 Na6
9. Qd2 Qd7 10. O-O-O O-O-O 11. Nge2 f6 12. f4 Bf7 13. Rhf1 f5 14. g5 e6 15. Kb1
Rg8 16. Nc1 Be7 17. Bxg7 Rxg7 18. Rf3 c5 19. dxc5 Nxc5 20. Nb3 Nxb3 21. axb3
Be8 22. Ne2 Qb5 23. Nd4 Qb6 24. Bf1 Bb4 25. c3 Bc5 26. b4 Bxd4 27. Qxd4 Kc7 28.
h4 Ba4 29. Qxb6+ Kxb6 30. Rd2 Rgd7 31. Rd4 Bb5 32. Bxb5 Kxb5 33. h5 gxh5 34.
Rh3 Rc8 35. Kc2 h6 36. Rxh5 hxg5 37. Rxg5 Rh7 38. Rg6 Rc6 39. Kb3 {remis}
1/2-1/2

[Event "ProMoPro Open"]
[Site "?"]
[Date "2002.09.10"]
[Round "4.13"]
[White "Hoskovec, Josef"]
[Black "Kucera, Tomas"]
[Result "1-0"]
[WhiteElo "1865"]
[BlackElo "2133"]
[PlyCount "59"]
[EventDate "2002.??.??"]

1. e4 e5 2. f4 d6 3. Nc3 g6 4. d4 exd4 5. Qxd4 Qf6 6. e5 dxe5 7. fxe5 Qd8 8.
Qxd8+ Kxd8 9. Bg5+ Be7 10. Rd1+ Bd7 11. Nf3 h6 12. Bxe7+ Nxe7 13. Bc4 Ke8 14.
O-O Bf5 15. Nb5 Na6 16. Nfd4 Rf8 17. Nxf5 Nxf5 18. e6 f6 19. Rd7 Rc8 20. Rfd1
Ne3 21. e7 Nxc4 22. exf8=Q+ Kxf8 23. Rh7 Kg8 24. Rdd7 Ne5 25. Rdg7+ Kf8 26.
Nxc7 Nc5 27. Nd5 Ng4 28. Rf7+ Ke8 29. Re7+ Kf8 30. Rh8# {mat} 1-0

[Event "ProMoPro Open"]
[Site "Praha"]
[Date "2002.09.10"]
[Round "4.11"]
[White "Cvicela , Anton"]
[Black "Simecek, Bohumil"]
[Result "1-0"]
[WhiteElo "2140"]
[BlackElo "2082"]
[PlyCount "87"]
[EventDate "2002.09.07"]

1. e4 c5 2. Nf3 d6 3. d4 cxd4 4. Nxd4 Nf6 5. Nc3 a6 6. Be3 e5 7. Nb3 Be6 8. f3
Be7 9. Qd2 h5 10. a4 Nbd7 11. Nd5 Bxd5 12. exd5 Rc8 13. a5 h4 14. Be2 g6 15.
O-O Nh5 16. c4 f5 17. f4 e4 18. Nd4 Ng7 19. b4 h3 20. g3 Bf6 21. Rac1 Qe7 22.
Nb3 O-O 23. Rfd1 Ne8 24. c5 g5 25. c6 Nb8 26. fxg5 Be5 27. Nd4 bxc6 28. Nxc6
Nxc6 29. dxc6 Nc7 30. Bc4+ Kg7 31. Qf2 Rb8 32. Rb1 Qe8 33. Rdc1 d5 34. Bf1 Qh5
35. Bd4 Bxd4 36. Qxd4+ Kg6 37. Qe5 Qxg5 38. Bxh3 Qe3+ 39. Kh1 Qf3+ 40. Bg2 Qe3
41. Qxc7 d4 42. Qd6+ Kg5 43. c7 Rbc8 44. Rc6 {Cerny vzdal} 1-0

[Event "ProMoPro Open"]
[Site "Praha"]
[Date "2002.09.10"]
[Round "4.14"]
[White "Chalupa, Ivan"]
[Black "Janocko, Petr"]
[Result "1-0"]
[WhiteElo "2128"]
[BlackElo "1987"]
[PlyCount "97"]
[EventDate "2002.09.07"]

1. e4 c6 2. d4 d5 3. Nd2 dxe4 4. Nxe4 Bf5 5. Ng3 Bg6 6. h4 h6 7. Nf3 Nd7 8. h5
Bh7 9. Bd3 Bxd3 10. Qxd3 e6 11. Bd2 Ngf6 12. O-O-O Bd6 13. Ne4 Nxe4 14. Qxe4
Nf6 15. Qe2 Qc7 16. Ne5 O-O-O 17. f4 Rhe8 18. Kb1 Kb8 19. c4 c5 20. Bc3 Bxe5
21. fxe5 cxd4 22. Bxd4 Nh7 23. Qe3 b6 24. c5 bxc5 25. Bxc5 Rxd1+ 26. Rxd1 Qb7
27. Rd3 Qxg2 28. Bxa7+ Ka8 29. Ra3 Qh1+ 30. Qg1 Qxg1+ 31. Bxg1+ Kb8 32. Ra7 Ng5
33. Be3 Rh8 34. Re7 Ne4 35. Bf4 Nc5 36. Kc2 Nb7 37. b4 Rc8+ 38. Kb3 Nd8 39. Rd7
g5 40. hxg6 fxg6 41. Bxh6 Nc6 42. Rg7 Nd4+ 43. Ka4 Rc2 44. a3 Rg2 45. Be3 Nc6
46. Kb5 Nd8 47. Rg8 Kc8 48. Bb6 Rd2 49. Rxd8+ {cerny vzdal} 1-0

[Event "ProMoPro Open"]
[Site "Praha"]
[Date "2002.09.10"]
[Round "4.2"]
[White "Svatos, Jan"]
[Black "Hausner, Ivan"]
[Result "0-1"]
[WhiteElo "2279"]
[BlackElo "2412"]
[PlyCount "57"]
[EventDate "2002.09.07"]

1. e4 e6 2. d4 d5 3. Nd2 Be7 4. e5 c5 5. c3 Nc6 6. Ndf3 cxd4 7. cxd4 Bd7 8. Bd3
Qb6 9. Ne2 Nb4 10. Bb1 Bb5 11. O-O Qa6 12. Re1 Nd3 13. Bxd3 Bxd3 14. Nc3 Bd8
15. Bg5 Ne7 16. Re3 Bg6 17. Nh4 Nc6 18. Bxd8 Rxd8 19. Rh3 O-O 20. Qg4 Ne7 21.
Ne2 Rc8 22. Nf4 Qxa2 23. Rf1 Bb1 24. Rg3 Ng6 25. Nxe6 fxe6 26. Qxe6+ Kh8 27.
Nxg6+ Bxg6 28. Rxg6 Qxb2 29. Rg3 {  bily vzdal} 0-1

[Event "ProMoPro Open"]
[Site "Praha"]
[Date "2002.09.10"]
[Round "4.21"]
[White "Klimes, Petr"]
[Black "Kovar, Josef"]
[Result "0-1"]
[WhiteElo "1767"]
[BlackElo "1944"]
[PlyCount "39"]
[EventDate "2002.09.07"]

1. e4 c5 2. Nf3 e6 3. d4 cxd4 4. Nxd4 Nc6 5. Nc3 a6 6. Be2 Qc7 7. O-O Nf6 8.
Be3 b5 9. a3 Bb7 10. f3 Bc5 11. Bf2 Bd6 12. g3 Nxd4 13. Qxd4 Be5 14. Qd3 h5 15.
Bd4 Bd6 16. Qe3 { } 16... Bxg3 17. hxg3 Qxg3+ 18. Kh1 Ng4 19. Be5 Qh3+ 20. Kg1
{bily vzdal} 0-1